Chile Regions Capital Cities Quiz - Statistics

General Stats
  • This quiz has been taken 518 times
  • The average score is 12 of 15
Answer Stats
Hint Answer % Correct
Metropolitana de Santiago Santiago
98%
Antofagasta Antofagasta
97%
Valparaíso Valparaíso
97%
Arica y Parinacota Arica
96%
Bío Bío Concepción
87%
Coquimbo La Serena
86%
Tarapacá Iquique
82%
Magallanes y la Antártica Chilena Punta Arenas
82%
Los Lagos Puerto Montt
81%
Maule Talca
78%
Libertador General Bernardo O'Higgins Rancagua
76%
La Araucanía Temuco
76%
Los Ríos Valdivia
74%
Atacama Copiapó
67%
Aysén del General Carlos Ibáñez del Campo Coyhaique
59%
No matching quizzes found
Score Distribution
Percent of People with Each Score
Percentile by Number Answered
Your Score History
You have not taken this quiz